| 000 | 00816cam a22001934a 4500 | ||
|---|---|---|---|
| 005 | 20250605164059.0 | ||
| 008 | 250528s ||||||||||||||||||||||||d | ||
| 035 | _a17555 | ||
| 020 | _a7877496 | ||
| 040 |
_aGR-AtMCL _bgre _dGR-AtMCL _eAACR2 |
||
| 245 | 1 | _aSaving Our Wildlife | |
| 260 |
_bCrowell - Collier Press, _c1970 |
||
| 300 | _a232 | ||
| 520 | _aWildlife, Prelude to America, Wildlife in the Colonies, The Wilderness Recedes, Traps and Guns, Voices in the Wilderness, The Seeds of Conservation, Wildlife Protection, Conservation Gains Momentum, New Dangers for Wildlife, The New Conservation, New Fields of Conservation, Managing Our Wildlife, Wildlife and Tomorrow, Glossary, Suggested Reading, Appendix, Index. | ||
| 700 | 1 |
_aMccoy J. J _93706 |
|
| 942 | _cBK | ||
| 999 |
_c2959 _d2959 |
||